Buying a flat? don`t buy a lifetime of problems as well (Record no. 87831)

MARC details
000 -LEADER
fixed length control field 00604cam a2200217 4500
001 - CONTROL NUMBER
control field D15144
008 - FIXED-LENGTH DATA ELEMENTS--GENERAL INFORMATION
fixed length control field 090401t1981 xxu||||| |||| 00| 0 eng d
035 ## - SYSTEM CONTROL NUMBER
System control number (Sirsi) u20506
041 ## - LANGUAGE CODE
Language code of text/sound track or separate title eng
050 ## - LIBRARY OF CONGRESS CALL NUMBER
Classification number 333.33
090 ## - LOCALLY ASSIGNED LC-TYPE CALL NUMBER (OCLC); LOCAL CALL NUMBER (RLIN)
Classification number (OCLC) (R) ; Classification number, CALL (RLIN) (NR) RICS 1981/23ABC
110 ## - MAIN ENTRY--CORPORATE NAME
Corporate name or jurisdiction name as entry element Royal Institution of Chartered Surveyors
9 (RLIN) 4900
245 ## - TITLE STATEMENT
Title Buying a flat? don`t buy a lifetime of problems as well
260 ## - PUBLICATION, DISTRIBUTION, ETC.
Name of publisher, distributor, etc. RICS/The Law Society
Date of publication, distribution, etc. 1981
300 ## - PHYSICAL DESCRIPTION
Extent 20p. 21cm
350 ## - PRICE (NR) (BK AM CF MU VM SE) [OBSOLETE]
Price 0.38
520 ## - SUMMARY, ETC.
Summary, etc. Filed in box RICS 1981/23 ABC
710 ## - ADDED ENTRY--CORPORATE NAME
Corporate name or jurisdiction name as entry element Law Society of England and Wales
9 (RLIN) 1639
942 ## - ADDED ENTRY ELEMENTS (KOHA)
Suppress in OPAC 0
948 ## - LOCAL PROCESSING INFORMATION (OCLC); SERIES PART DESIGNATOR (RLIN)
c (OCLC) 04/03/1997
Holdings
Withdrawn status Lost status Source of classification or shelving scheme Damaged status Not for loan Home library Current library Shelving location Date acquired Cost, normal purchase price Total Checkouts Full call number Barcode Date last seen Copy number Cost, replacement price Price effective from Koha item type Date last checked out
    Dewey Decimal Classification     Historic collection Historic collection RICS Boxes 22/08/1991 0.38   RICS 1981/23 30027906 06/08/2019 1 0.38 06/08/2019 Archive  
    Dewey Decimal Classification     London London RICS Boxes 14/09/1999 0.38   RICS 1981/23 30005284 06/08/2019 1 0.38 06/08/2019 Reference material  
    Dewey Decimal Classification     London London RICS Boxes 09/08/1991 0.38 1 RICS 1981/23 30005290 06/08/2019 2 0.38 06/08/2019 Book 19/09/2001